000 00470nam a2200181Ia 4500
008 240925s9999 xx 000 0 und d
020 _a205146562
082 _a361 HAR
100 _aHarris ,Howard S.
245 0 _aHuman Services: contemporary issues and trends
250 _aNA
260 _aBoston:
_bAllyn and Bacon
_c,1996.
300 _a384p.
_bNA
_fPirated
500 _aIncludes Index
600 _aSocial Sciences
650 _aSocial Sciences
942 _cBK
999 _c4705
_d4705